000 00215nam a22000857a 4500
001 1236220
005 20251001145638.0
245 _aBERBER PİRE TELAL DEVE
_cGÜLSEVİN KRAL
260 _bGÜNIŞIĞI KİTAPLIĞI YAYINLARI
999 _c1236220
_d1236220